000 01102pam a2200289 a 4500
001 2504398
005 20200421093816.0
008 920610s1993 caub s001 0 eng
010 _a 92021731
020 _a0520078438 (alk. paper)
020 _a0520078446 (pbk. : alk. paper)
040 _aDLC
_cDLC
_dDLC
041 0 _aenggrc
050 0 0 _aPA522
_b.M38 1993
082 0 0 _a480
_220
100 1 _aMastronarde, Donald J.
_9389
245 1 0 _aIntroduction to Attic Greek /
_cDonald J. Mastronarde.
260 _aBerkeley :
_bUniversity of California Press,
_cc1993.
300 _aix, 425 p. :
_bmaps ;
_c26 cm.
500 _aIncludes index.
650 0 _aAttic Greek dialect
_97
856 4 2 _3Contributor biographical information
_uhttp://www.loc.gov/catdir/bios/ucal051/92021731.html
856 4 2 _3Publisher description
_uhttp://www.loc.gov/catdir/description/ucal041/92021731.html
906 _a7
_bcbc
_corignew
_d1
_eocip
_f19
_gy-gencatlg
942 _2ddc
_cBK
999 _c3
_d3